|
|
|
|
| LEADER |
00000nam a2200000 i 4500 |
| 001 |
1/87263 |
| 008 |
990722s1996 eng d |
| 020 |
|
|
|a 1-85567-381-9
|
| 035 |
|
|
|l 10052256
|
| 040 |
|
|
|a GR-MY-UA
|b gre
|e aacr
|
| 041 |
0 |
|
|a eng
|
| 082 |
0 |
|
|a 307.1216
|
| 100 |
1 |
|
|a Hudson, Brian J.
|q (Brian James)
|
| 245 |
1 |
0 |
|a Cities on the shore :
|b the urban littoral frontier /
|c Brian J. Hudson
|
| 260 |
|
|
|a London :
|b Pinter,
|c c1996
|
| 300 |
|
|
|a 180 p.;
|b fig.;
|c 24 cm.
|
| 504 |
|
|
|a Includes bibliographical references and index
|
| 650 |
0 |
0 |
|a City planning.
|
| 650 |
0 |
0 |
|a Waterfronts.
|
| 650 |
0 |
0 |
|a Reclamation of land.
|
| 650 |
0 |
0 |
|a Land use, Urban.
|
| 650 |
0 |
0 |
|a Urban renewal.
|
| 852 |
|
|
|a INST
|b LESVOS
|e 19990722
|h 307.1216 HUD
|p 005100020012
|q 005100020012
|t BK
|y 0
|
| 901 |
|
|
|a BIBL1-1999-2
|
| 909 |
|
|
|a Λ
|b 062668
|
| 922 |
|
|
|a 1ΕΛΗ
|b 199812
|c ΚΠΣ/ΤΓ
|d LEADER
|
| 950 |
|
|
|a 118-1998-10-19
|
| 970 |
|
|
|a ΤΖΑΦΕΡΗ
|b ΕΥΑΓΓΕΛΙΑ
|z 1999/07/22
|